000 00451nam a2200157Ia 4500
008 160316s2001 xxu||||| |||| 00| 0 eng d
082 _a344.046000
_bTAS
100 _a
245 _aRecommendations of the task force on the green belt policy
250 _a
260 _aBangalore
_bTaskforce
_c2001
300 _a91
_b
_c
365 _b
650 _a1. Green belt policy 2. Eco-environmental imperatives 3. Ecological commission
700 _a
_a
999 _c37101
_d37101